000 01255nam a2200361 i 4500
001 990
003 KOSZ 005
005 20200419204000.0
008 990506s1983 pl f |000 0 pol
015 _aPB 1984/2603
035 _a(OCoLC)830238113
040 _aWA N
_cWA N
_dKOSZ 005/EC
041 0 _apol
046 _k1983
080 _a621.3
080 _a(075.8)
100 1 _aKarpowicz, Piotr
_d(1926- )
_eAutor
245 1 0 _aPrzewodnik metodyczny obliczania obwodów prądu stałego /
_cPiotr Karpowicz.
260 _aKoszalin :
_bWydaw. Uczelniane WSI,
_c1983
_e(Białogard :
_fMiędzywoj.Spółdz.Inw.).
300 _a55 s. ;
_c24 cm.
380 _aKsiążki.
388 _a1901-2000
388 _a1945-1989
490 1 _aSkrypty / Wyższa Szkoła Inżynierska w Koszalinie.
650 4 _aObwód elektryczny
650 4 _aUrządzenia
655 4 _aPodręczniki akademickie
650 4 _aPrądy stałe
710 2 _aWydawnictwo Uczelniane (Wyższa Szkoła Inżynierska ; Koszalin)
_4pbl.
830 0 _aSkrypty - Wyższa Szkoła Inżynierska w Koszalinie.
856 _uhttp://koha.tu.koszalin.pl/cgi-bin/koha/opac-detail.pl?biblionumber=990
_yKatalog online BPK
942 _2UKD
_cKS
999 _c990
_d990